000 00451nmm a2200169Ia 4500
008 251105s9999||||xx |||||||||||||||||und||
020 _a9788498164879
041 _aspa
100 _aMolina, Tirso de
245 0 _aCelos con celos se curan
264 _a[Madrid, España] :
_bLinkgua,
_c2009
300 _a142 páginas
490 _aTeatro
650 _aSpanish theater
856 _uhttps://public.digitaliapublishing.com/a/15146
942 _cCF
999 _c91212
_d91212